000 00384nam a2200157Ia 4500
008 210719s1989 xx 000 0 und d
020 _a0385237421
041 _aeng
082 _a658 GALY
100 _aGALLAGHER (Richard R)
245 _aYour small business made simple.
260 _aNew York.
_bDoubleday.,
_c1989
300 _a158
_bPB
365 _cRs
650 _aManagement
999 _c213607
_d213607